Šoky sú za nami, otras príde
Jednou z možností, ako môže nezávislý trh prežiť, je stať sa súčasťou nákupnej aliancie. Nezávislý trh má šancu udržať si 35-40 perc. podiel. Obavy vzbudzuje očakávaný nástup nemeckej siete Lidl.
Uložené v:
| Hlavný autor: | |
|---|---|
| Médium: | Kapitola |
| Jazyk: | Slovak |
| Predmet: | |
| Tagy: |
Žiadne tagy, Buďte prvý, kto otaguje tento záznam!
|
MARC
| LEADER | 00000naa$a2200000$$$4500 | ||
|---|---|---|---|
| 001 | 0007422 | ||
| 005 | 20231107125133.6 | ||
| 041 | 0 | |a slo | |
| 044 | |a SK | ||
| 245 | 1 | 0 | |a Šoky sú za nami, otras príde |c aut. Andrea Hinková-Dibarborová |
| 520 | |a Jednou z možností, ako môže nezávislý trh prežiť, je stať sa súčasťou nákupnej aliancie. Nezávislý trh má šancu udržať si 35-40 perc. podiel. Obavy vzbudzuje očakávaný nástup nemeckej siete Lidl. | ||
| 610 | 2 | 0 | |a siete obchodné |
| 610 | 2 | 0 | |a Slovensko |
| 610 | 2 | 0 | |a trhy |
| 610 | 2 | 0 | |a siete maloobchodné |
| 610 | 2 | 0 | |a hypermarkety |
| 610 | 2 | 0 | |a supermarkety |
| 100 | 1 | |a Hinková-Dibarborová, Andrea | |